[Event "GEO-ch Blitz (Women)"]
[Site "Tbilisi"]
[Date "2023.12.07"]
[Round "9"]
[White "Janiashvili, Mariam"]
[Black "Chkhartishvili, Lika"]
[Result "1-0"]
[WhiteElo "1940"]
[BlackElo "1431"]
[PlyCount "109"]
[EventDate "2023.12.05"]
[EventType "swiss (blitz)"]
[EventRounds "13"]
[EventCountry "GEO"]
[SourceTitle "CB50_2023"]
[SourceDate "2023.12.13"]
[SourceVersion "1"]
[SourceVersionDate "2023.12.13"]
[SourceQuality "1"]

1. d4 d5 2. e3 Nf6 3. Bd3 g6 4. f4 Bg7 5. Nf3 c6 6. Nbd2 b6 7. 0-0 Ba6 8. Bxa6 Nxa6 9. Ne5 c5 10. c3 0-0 11. Qe2 Nc7 12. Kh1 cxd4 13. exd4 Nd7 14. Nc6 Qe8 15. Qxe7 Bf6 16. Qxe8 Rfxe8 17. Ne5 Nf8 18. Ndf3 a5 19. Bd2 Bg7 20. Rae1 Nfe6 21. g3 Nb5 22. Nd7 Nbc7 23. Nxb6 Rab8 24. Na4 Nb5 25. Ne5 Nd6 26. b3 Nb5 27. Nc6 Rbc8 28. Nxa5 Ra8 29. Nc6 Rac8 30. Nb4 Rc7 31. Nxd5 Rd7 32. Ndb6 Rc7 33. d5 Nxc3 34. Nxc3 Bxc3 35. Bxc3 Rxc3 36. dxe6 Rxe6 37. Rxe6 fxe6 38. Re1 Rc2 39. Rxe6 Rxa2 40. b4 Rb2 41. Nd5 Rb1+ 42. Kg2 Rb2+ 43. Kf3 Rb3+ 44. Ke4 Rb1 45. Ke5 Re1+ 46. Kf6 Rxe6+ 47. Kxe6 h5 48. b5 g5 49. b6 gxf4 50. Nxf4 h4 51. b7 hxg3 52. b8Q+ Kh7 53. Qc7+ Kh6 54. Kf6 gxh2 55. Qg7# 1-0

[Event "GEO-ch Blitz (Women)"]
[Site "Tbilisi"]
[Date "2023.12.06"]
[Round "3"]
[White "Chkhartishvili, Lika"]
[Black "Tasoshvili, Tamar"]
[Result "1-0"]
[WhiteElo "1431"]
[BlackElo "1298"]
[PlyCount "129"]
[EventDate "2023.12.05"]
[EventType "swiss (blitz)"]
[EventRounds "13"]
[EventCountry "GEO"]
[SourceTitle "CB50_2023"]
[SourceDate "2023.12.13"]
[SourceVersion "1"]
[SourceVersionDate "2023.12.13"]
[SourceQuality "1"]

1. e4 d5 2. exd5 Qxd5 3. Nc3 Qd6 4. Nf3 c6 5. Be2 Nf6 6. 0-0 Bf5 7. d3 e6 8. Nd2 Qc7 9. Nde4 Nbd7 10. a4 Bxe4 11. Nxe4 Nxe4 12. dxe4 0-0-0 13. Bd3 Nf6 14. Qf3 c5 15. b3 Bd6 16. h3 Be5 17. Rb1 Ne8 18. Bb2 Bd4 19. Bxd4 Rxd4 20. Rfd1 Nf6 21. c3 Rd7 22. b4 c4 23. Bc2 Rhd8 24. a5 Rd2 25. Ba4 R2d3 26. Rxd3 Rxd3 27. Qe2 Rxc3 28. Qb2 Rd3 29. Bc2 Rd2 30. Qc3 Nxe4 31. Bxe4 Qf4 32. Bf3 Rd3 33. Qxg7 Kc7 34. Qxh7 Rd2 35. Qh5 Qd4 36. Qg4 Qxf2+ 37. Kh2 Qe3 38. Qg3+ e5 39. Rf1 f5 40. Bh5 Qh6 41. Rxf5 Re2 42. Rf7+ Kd6 43. Qg6+ Qxg6 44. Bxg6 Kc6 45. Bh5 Re3 46. Bf3+ Kd6 47. Rxb7 c3 48. Rxa7 c2 49. Ra6+ Ke7 50. Rc6 e4 51. Rxc2 exf3 52. gxf3 Rxf3 53. b5 Rb3 54. Rc5 Kd6 55. Rg5 Kc7 56. a6 Rb2+ 57. Kg3 Rb4 58. h4 Kd7 59. Rd5+ Ke6 60. Rc5 Kd6 61. Rg5 Ke6 62. a7 Ra4 63. b6 Kd6 64. b7 Kc7 65. b8Q+ 1-0